The Long fuse (Record no. 4507)
[ view plain ]
| 000 -LEADER | |
|---|---|
| fixed length control field | 00534nam a2200217Ia 4500 |
| 003 - CONTROL NUMBER IDENTIFIER | |
| control field | 0100 |
| 008 - FIXED-LENGTH DATA ELEMENTS--GENERAL INFORMATION | |
| fixed length control field | 130227s9999 xx 000 0 und d |
| 040 ## - CATALOGING SOURCE | |
| Transcribing agency | ARRUPELIB |
| 100 ## - MAIN ENTRY--PERSONAL NAME | |
| Personal name | Lafore, Laurence David |
| 245 #4 - TITLE STATEMENT | |
| Title | The Long fuse |
| 245 ## - TITLE STATEMENT | |
| Remainder of title | An Interpretation of the origins of World War I |
| 260 ## - PUBLICATION, DISTRIBUTION, ETC. (IMPRINT) | |
| Place of publication, distribution, etc | Philadelphia |
| 260 ## - PUBLICATION, DISTRIBUTION, ETC. (IMPRINT) | |
| Name of publisher, distributor, etc | J.B. Lippicott |
| 260 ## - PUBLICATION, DISTRIBUTION, ETC. (IMPRINT) | |
| -- | 1965 |
| 300 ## - PHYSICAL DESCRIPTION | |
| Extent | 282p |
| 300 ## - PHYSICAL DESCRIPTION | |
| Other physical details | 20cm |
| 440 ## - SERIES STATEMENT/ADDED ENTRY--TITLE | |
| Title | Critical periods of history |
| 650 ## - SUBJECT ADDED ENTRY--TOPICAL TERM | |
| Topical term following geographic name as entry element | Sociology |
| 650 ## - SUBJECT ADDED ENTRY--TOPICAL TERM | |
| Location of event | Social structure |
| 942 ## - ADDED ENTRY ELEMENTS (KOHA) | |
| Source of classification or shelving scheme | Library of Congress Classification |
| Koha issues (borrowed), all copies | 2 |
| Withdrawn status | Lost status | Source of classification or shelving scheme | Damaged status | Not for loan | Collection code | Home library | Current library | Shelving location | Date acquired | Total Checkouts | Barcode | Date last seen | Date last borrowed | Copy number | Price effective from | Koha item type |
|---|---|---|---|---|---|---|---|---|---|---|---|---|---|---|---|---|
| Library of Congress Classification | Main Collection | ARRUPE LIBRARY | ARRUPE LIBRARY | 27/02/2013 | 3 | 46405880 | 13/10/2017 | 27/04/2017 | 1 | 27/02/2013 | Monograph ( Printed materials) |